Successful extension of low frequency tapping in different agroclimates and report on high yield under 1/2S D/6 6D/7 tapping (Record no. 53052)

MARC details
000 -LEADER
fixed length control field 00676nam a2200181Ia 4500
100 ## - MAIN ENTRY--AUTHOR NAME
Personal name Vijayakumar K.R.
245 #0 - TITLE STATEMENT
Title Successful extension of low frequency tapping in different agroclimates and report on high yield under 1/2S D/6 6D/7 tapping
260 ## - PUBLICATION, DISTRIBUTION, ETC. (IMPRINT)
Name of publisher IRRDB Conference on NR Industry: Responding to Globalization, 7-8 September 2004, Kunming International Convention and Exhibition Center, China.
Year of publication 2004
650 ## - SUBJECT ADDED ENTRY--TOPICAL TERM
Topical Term Agroclimate
650 ## - SUBJECT ADDED ENTRY--TOPICAL TERM
Topical Term Low frequency tapping
650 ## - SUBJECT ADDED ENTRY--TOPICAL TERM
Topical Term Tapping system
650 ## - SUBJECT ADDED ENTRY--TOPICAL TERM
Topical Term Yield
700 ## - ADDED ENTRY--PERSONAL NAME
Personal name Karunaichamy K.
700 ## - ADDED ENTRY--PERSONAL NAME
Personal name Rajagopal R.
700 ## - ADDED ENTRY--PERSONAL NAME
Personal name Thomas K.U.
942 ## - ADDED ENTRY ELEMENTS (KOHA)
Koha item type Bibliography STAF
Holdings
Withdrawn status Lost status Damaged status Not for loan Home library Current library Date acquired Koha item type
      Bibliography RRII Library RRII Library 09/04/2014 Bibliography STAF